000 00746nam a2200205Ia 4500
005 20241129111343.0
008 241129s9999||||xx |||||||||||||| ||und||
037 _aTB
040 _aCRL
_bpun
_cCRL
041 _apun
_2pun
084 _aS:45 153P6;Q9
_qCRL
100 _aਨੇਕੀ, ਜਸਵੰਤ ਸਿੰਘ, ਚ।
245 0 _aਅਚੇਤਨ ਦੀ ਲੀਲ੍ਹਾ
_cਨੇਕੀ, ਜਸਵੰਤ ਸਿੰਘ, ਚ।
260 _aਅੰਮ੍ਰਿਤਸਰ, ਭਾਰਤ
_bਅੰਮ੍ਰਿਤਸਰ ਗੁਰੂ ਨਾਨਕ ਦੇਵ ਯੂਨੀਵਰਸਿਟੀ
_c2019
300 _a144ਪ੍ਰ0
365 _aINR
_b300
650 _aPsychology
942 _cTB
_hS:45 153P6;Q9
999 _c1230070
_d1230070